Euro Foot 2024 : Stats individuels des phases de groupes - Statistiques

Statistiques générales
  • Ce quiz a été pris 184 fois
  • Le résultat moyen est 2 sur 8
Statistiques - réponses
Stats Stats Joueur % Correct
Meilleur buteur 3 Georges Mikautadze
73%
Meilleur dribbleur 22 Ousmane Dembélé
49%
Le plus de passe réussi 326 Toni Kroos
45%
Le plus de tentatives 12 Cristiano Ronaldo
40%
Le plus d'arrêt 20 Giorgi Mamardashvili
32%
Le plus rapide 35.9 km/h Benjamin Šeško
8%
Le plus de dégagement defensif 27 Jaka Bijol
0%
Le plus de kilomètres parcouru 37.5 km Ylber Ramadani
0%
Aucun quiz correspondant
Distribution des résultats
% des personnes avec chaque résultat
Percentile par nombre de réponses
Votre historique - résultats
Vous n’avez pas pris ce quiz